00815nam a2200217 a 4500008004100000020001500041041000800056100003500064245009700099250001100196260005500207300001100262500018400273653001400457653001000471653001400481653001300495653001600508700003900524700003400563170223e1993 Ag ||||| |||| 00| 0 spa d a9561109530 aspa1 aCorrea Donoso, EduardoeEditor aÉtica y humanidad en la medicina actual.bReflexiones bioéticas /cEduardo Correa Donoso a1a ed. aSantiago [Chile]:bEditorial Universitaria;c1993. a256 p. aCorrea Donoso, E., Echeverria Bunster, C. y Rojas Osorio, A. (1993). Ética y humanidad en la medicina actual. Reflexiones bioéticas. (1a ed.). Chile : Editorial Universitaria. aFilosofia aEtica aHumanidad aMedicina aActo medico1 aEcheverria Bunster, CarloseEditor1 aRojas Osorio, AlbertoeEditor